00621nam a2200169Ia 4500008004100000020001800041041000800059082001800067100003900085245008100124250000600205260003900211300001300250650003900263999001900302952013000321210716s2017 xx 000 0 und d a9789332586901 aeng a005.3682 CERH aCervantes, Humberto; Kazman, Rick. aDesigning software architectures: a practical approach.bPractical approach. a1 aNew DelhibPearson Educationc2017 axvii,289 aComputer Architecture/Organization c196345d196345 001040708MCAaAIMITbAIMITeBook Paradiseg379.00l0o005.3682 CERHpMCA15860r2026-05-23 00:00:00v265.30w2021-07-16yBK